Southville International School and Colleges
Your cart is empty.
  • Cart
  • Lists
    Public lists Eva Luna New books Lux_list list_1
    Your lists Log in to create your own lists
  • Log in to your account
  • Your cookies
  • Search history
Southville International School and Colleges
  • Advanced search
  • Recent comments
  • Most popular
  • Libraries

Log in to your account

Log in with GOOGLE


If you do not have an external account, but do have a local account, you can still log in:

  1. Home
  2. MARC view: Everything you nedd to know about inventions.
Normal view MARC view ISBD view

Everything you nedd to know about inventions. (Record no. 115364)

[ view plain ]
MARC details
000 -LEADER
fixed length control field 00514nam a2200181 a 4500
005 - DATE AND TIME OF LATEST TRANSACTION
control field 20140414132142.0
008 - FIXED-LENGTH DATA ELEMENTS--GENERAL INFORMATION
fixed length control field 140201s19uu xx 00 eng d
020 ## - INTERNATIONAL STANDARD BOOK NUMBER
International Standard Book Number 978190755421
050 ## - LIBRARY OF CONGRESS CALL NUMBER
Classification number REF 608.7
Item number He34 2012
100 ## - MAIN ENTRY--PERSONAL NAME
Personal name Heatley, Michael
245 ## - TITLE STATEMENT
Title Everything you nedd to know about inventions.
260 ## - PUBLICATION, DISTRIBUTION, ETC. (IMPRINT)
Place of publication, distribution, etc London, New York :
Name of publisher, distributor, etc Anova Books Company,
Date of publication, distribution, etc c2012.
300 ## - PHYSICAL DESCRIPTION
Extent 224
650 ## - SUBJECT ADDED ENTRY--TOPICAL TERM
Topical term or geographic name as entry element Inventions-
General subdivision juvenile literature
650 ## - SUBJECT ADDED ENTRY--TOPICAL TERM
Topical term or geographic name as entry element Inventions-
700 ## - ADDED ENTRY--PERSONAL NAME
Personal name Saller, Colin
Holdings
Withdrawn status Lost status Damaged status Use restrictions Home library Current library Shelving location Date acquired Source of acquisition Total Checkouts Full call number Barcode Date last seen Price effective from Koha item type
        Munich Library Munich Library Reference Section 02/01/2014     REF 608.7 He34 2012 M7423 04/14/2014 04/14/2014 Books

Everything you nedd to know about inventions.

APA

Heatley M., Saller C., . (2012). Everything you nedd to know about inventions. London, New York: Anova Books Company.

Chicago

Heatley Michael, Saller Colin, . 2012. Everything you nedd to know about inventions. London, New York: Anova Books Company.

Harvard

Heatley M., Saller C., . (2012). Everything you nedd to know about inventions. London, New York: Anova Books Company.

MLA

Heatley Michael, Saller Colin, . Everything you nedd to know about inventions. London, New York: Anova Books Company. 2012.

  • Place hold
  • Print
  • Cite
  • Add to your cart (remove)
  • Save record
    BIBTEX Dublin Core MARCXML MARC (non-Unicode/MARC-8) MARC (Unicode/UTF-8) MARC (Unicode/UTF-8, Standard) MODS (XML) RIS
  • More searches
    Search for this title in:
    Other Libraries (WorldCat) Other Databases (Google Scholar) Online Stores (Bookfinder.com) Open Library (openlibrary.org)

Exporting to Dublin Core...

SOUTHVILLE LIBRARY

Southville International School and Colleges Library

1281 Tropical Ave. Cor. Luxembourg St., BF Homes International, Las Pinas City

Tel. No. 8256374 / 252358 Loc. 117/146

Powered by Koha